00378 a2200145 4500003000400000005001700004008004100021040000900062082001800071100003500089245005100124250001200175260003500187300001000222OSt20240205121205.0240205b |||||||| |||| 00| 0 eng d coclc a954.83bBAL/D aBalakrishnan, Pallikkarakkalam aDesacharitham /cPallikkarakkalam Balakrishnan a1st ed. aPALAKKAD:bAPPLE BOOKS,c2022. a398P.